| 000 | 00602 a2200217 4500 | ||
|---|---|---|---|
| 001 | 110112 | ||
| 020 | _a9788588600980 | ||
| 041 | _apor | ||
| 090 | _aYear 1 028 | ||
| 250 | _a. ed. | ||
| 490 | _aPôr do sol ou pôr da lua: a escolha é toda sua; v.4 | ||
| 697 | _aLiteratura infantojuvenil. | ||
| 697 | _aSaudade. | ||
| 830 | _aPôr do sol ou pôr da lua: a escolha é toda sua; v.4 | ||
| 856 | _u000018/00001869.jpg | ||
| 040 |
_aBR-BrIDEA _cBR-BrIDEA |
||
| 100 |
_aRibeiro, Jonas _d1970 |
||
| 245 | 1 | 0 |
_aA viagem da saudade _c Jona Ribeiro |
| 260 |
_a[S.l.] _bFranco _c2012 |
||
| 942 | _cBK | ||
| 999 |
_c110112 _d110112 |
||